|
|
|
|
| LEADER |
00000nam0a2200000 4500 |
| 001 |
67583 |
| 005 |
20231031073650.0 |
| 010 |
|
|
|a 5030033998
|
| 035 |
|
|
|a (RuTPU)RU\TPU\book\71962
|
| 090 |
|
|
|a 67583
|
| 100 |
|
|
|a 20040917d2004 k y0rusy50 ca
|
| 101 |
1 |
|
|a rus
|c eng
|
| 102 |
|
|
|a RU
|
| 105 |
|
|
|a a z 001zy
|
| 200 |
1 |
|
|a Модули кривых. Вводный курс
|e пер. с англ.
|f Дж. Харрис, Я. Моррисон
|
| 210 |
|
|
|a Москва
|c Мир
|c Научный мир
|d 2004
|
| 215 |
|
|
|a 448 с.
|c ил.
|
| 320 |
|
|
|a Библиогр.: с. 426-434.
|
| 320 |
|
|
|a Указатель: с. 435-446.
|
| 610 |
1 |
|
|a алгебраические кривые
|
| 610 |
1 |
|
|a модули
|
| 610 |
1 |
|
|a пространства
|
| 610 |
1 |
|
|a нодальные кривые
|
| 610 |
1 |
|
|a стабильные кривые
|
| 610 |
1 |
|
|a теория Брилля-Нетера
|
| 675 |
|
|
|a 512.7
|v 3
|
| 700 |
|
1 |
|a Харрис
|b Дж.
|g Джо
|
| 701 |
|
1 |
|a Моррисон
|b Я.
|g Ян
|
| 801 |
|
1 |
|a RU
|b 63413507
|c 20040917
|g PSBO
|
| 801 |
|
2 |
|a RU
|b 63413507
|c 20110330
|g PSBO
|
| 942 |
|
|
|c BK
|